00733nam a22002057a 45000050016000000100014000160200026000300350013000560370013000690820010000821000030000922450054001222600055001762700069002313000021003005000036003219420024003579990017003819520129003982010072408548.0 aENG-96557 a9788189937447c795.00 aEN-80090 bDBAD/PUB a320.9 aDhariwal, Umesh, K.91226 aWestern political thought /cby Umesh K. Dhariwal aNew DelhibArise Publishers and Distributorsc2008 a4648/1, 21, Ansari Road, Darya Ganj, New Delhi-110002bNew Delhi a304p.c22cm (Hb) aIncludes bibliography and index 2ddccENmDHAh320.9 c37543d37543 001040718NFICaDBADbDBADd2010-07-24eDBAD/PUBg795.00l0oDHApEN-80090r2010-07-24 00:00:00t1v795.00w2010-07-24yEN